000 00858nam a2200277 i 4500
005 20211125110334.0
008 211125s2019 cc a j ||0 0 chi d
020 _a9787531483984
_cRM 33.90
_qpaperback
040 _aPPAK
_beng
_cPPAK
_erda
082 0 4 _223
_a738.12
090 0 0 _a738.12
_bCAI
_dK
245 0 0 _6880-01
_aCai ni :
_bCai tu ban /
_cEdited by Lei Qian
264 1 _aLiaoning :
_bLiaoning Fine Arts Press ,
_c2019
300 _a184 pages :
_bcolour illustrations ;
_c21 x 18 cm.
336 _2rdacontent
_atext
337 _2rdamedia
_aunmediated
338 _2rdacarrier
_avolume
546 _aIn simplified Chinese scripts.
650 1 0 _aClays
650 2 0 _aCermaic arts
650 2 0 _aMaterials
700 1 _6880-02
_aLei, Qian
_eeditor.
880 0 0 _6245-01
_a彩泥 :
_b彩图版
880 1 _6700-02
_a雷倩
_e主编
942 _2ddc
_cB
999 _c186232
_d186232